Quiz sui Pokémon - #1 - Statistics

Statistiche generali
  • Questo quiz è stato fatto 3.673 volte
    861 dall'ultimo reset
  • Il punteggio medio è 10 su 15
Statistiche sulle risposte
Indizio Pokémon % Corretto
Il Pokémon che ha il DNA di tutti gli altri Mew
94%
Il Dio creatore dell'Universo Arceus
93%
Il primo Pokémon del Pokédex Bulbasaur
93%
I tre Pokémon più famosi Charizard | Pikachu | Mewtwo
93%
Il Trio degli Uccelli Leggendari Moltres | Articuno | Zapdos
91%
Pokémon che può cambiare forma (eccetto Mew) Ditto | Zorua | Zoroark
81%
L'unico abitante del Mondo Inverso Giratina
79%
Starter di tipo Fuoco di Hoenn Torchic
69%
Il Pokémon con le Forme Nucleo, 10%, 50% e Perfetta Zygarde
68%
Il "capo" delle Bestie Leggendarie Suicune
51%
Il primo Pokémon mai creato Rhydon
44%
Il Pokémon sconfitto dagli Eroi della Leggenda durante la Notte Oscura Eternatus
43%
Il Pokémon più pesante Cosmoem
36%
Pokémon da cui si evolve quello suddetto Meltan
29%
Unico Pokémon misterioso che si evolve da un altro Melmetal
28%
Nessun quiz corrispondente trovato
Distribuzione punteggi
Percentuale di utenti per punteggio
Percentile per numero di risposta
I tuoi punteggi nel tempo
Non hai fatto questo quiz dall'ultimo reset